Vientos verdes : (Registro nro. 53424)

Detalles MARC
000 -LEADER
campo de control de longitud fija 02938cam a22003974i 4500
003 - IDENTIFICADOR DE NÚMERO DE CONTROL
campo de control PE-LiUPU
005 - FECHA Y HORA DE LA ÚLTIMA TRANSACCIÓN
campo de control 20250731183430.0
008 - DATOS DE LONGITUD FIJA--INFORMACIÓN GENERAL
campo de control de longitud fija 150706s r 000 0 d
020 ## - NÚMERO INTERNACIONAL ESTÁNDAR DEL LIBRO
Número Internacional Estándar del Libro 9875840475
035 ## - NÚMERO DE CONTROL DEL SISTEMA
Número de control de sistema (Sirsi) i9789875840478
040 ## - FUENTE DE CATALOGACIÓN
Centro catalogador/agencia de origen PE-LiUPU
Lengua de catalogación spa
Centro/agencia transcriptor PE-LiUPU
Normas de descripción rda
049 ## - FONDOS LOCALES (OCLC)
Biblioteca depositaria PRUA
082 04 - NÚMERO DE LA CLASIFICACIÓN DECIMAL DEWEY
Número de clasificación 711
Cutter P35
Número de edición 21
100 1# - ENTRADA PRINCIPAL--NOMBRE DE PERSONA
Nombre de persona Pesci, Ruben Omar,
Término indicativo de función/relación autor.
245 10 - MENCIÓN DEL TÍTULO
Título Vientos verdes :
Resto del título veinte ideas sobre la sustentabilidad /
Mención de responsabilidad, etc. Rubén Omar Pesci.
264 #1 - PRODUCCIÓN, PUBLICACIÓN, DISTRIBUCIÓN, FABRICACIÓN Y COPYRIGHT
Producción, publicación, distribución, fabricación y copyright Buenos Aires :
Nombre del de productor, editor, distribuidor, fabricante Editorial CEPA : Editorial Nobuko,
Fecha de producción, publicación, distribución, fabricación o copyright 2006.
300 ## - DESCRIPCIÓN FÍSICA
Extensión 165 páginas ;
Dimensiones 20 cm.
336 ## - TIPO DE CONTENIDO
Término de tipo de contenido text
Fuente rdacontent
337 ## - TIPO DE MEDIO
Nombre/término del tipo de medio unmediated
Fuente rdamedia
338 ## - TIPO DE SOPORTE
Nombre/término del tipo de soporte volume
Fuente rdacarrier
490 0# - MENCIÓN DE SERIE
Mención de serie Colección Sustentable ;
Designación de volumen o secuencia 01
505 0# - NOTA DE CONTENIDO CON FORMATO
Nota de contenido con formato Sustentabilidad y territorio -- La forma más cínica de la exclusión -- Sustentabilidad y patrimonio -- Una nueva dimensión de la conservación -- Sustentabilidad y desarrollo urbano -- ¿Ciudad concentrada o ciudad dispersa? Sustentabilidad y consumo -- La vida lenta -- Sustentabilidad y vivienda social -- "¿Cómo hacer viviendas sin destruir el medio ambiente ni la sociedad"? -- Sustentabilidad y economía -- De la exclusión a la inclusión económica -- Sustentabilidad y el ejemplo -- "La crueldad laboral" -- Sustentabilidad y turismo -- ¿El "final" del turismo o "todo" es turismo? -- Sustentabilidad y sociedad -- La sociedad de confianza -- Sustentabilidad y proyecto -- La vida sin proyecto ¿causa o efecto de la exclusión? -- Sustentabilidad y cultura digital -- Lo concreto y lo virtual -- Sustentabilidad y gobernabilidad -- Vientos continuos, vientos de concordancia -- Sustentabilidad y planificación ¿Corregir los efectos o modificar las caudas? -- Sustentabilidad y mercado -- Hacia un nuevo humanismo -- Sustentabilidad en todos los mundos -- "Contraste de dos mundos" -- Sustentabilidad globalización -- "La latino americanización de la ciudad" -- Sustentabilidad y belleza -- "Ética si, estética también" -- Sustentabilidad y arquitectura -- ¿Vamos hacia una localización estética? -- Sustentabilidad e insustentabilidad -- "Katrina y Willma, dos damas huracanadas" -- Vientos verde especial -- Los vientos de Giancarlo, vientos de honestidad intelectual.
526 ## - NOTA DE INFORMACIÓN SOBRE EL PROGRAMA DE ESTUDIO
Nombre del programa Maestría Bim Facility Management (A distancia)
526 ## - NOTA DE INFORMACIÓN SOBRE EL PROGRAMA DE ESTUDIO
Nombre del programa
526 ## - NOTA DE INFORMACIÓN SOBRE EL PROGRAMA DE ESTUDIO
Nombre del programa Educación musical y artes
526 ## - NOTA DE INFORMACIÓN SOBRE EL PROGRAMA DE ESTUDIO
Nombre del programa Educación, especialidad educación física
526 ## - NOTA DE INFORMACIÓN SOBRE EL PROGRAMA DE ESTUDIO
Nombre del programa Arquitectura
541 ## - NOTA DE FUENTE DE ADQUISICIÓN DIRECTA
-- 001-003517;
596 ## -
-- 1
650 04 - PUNTO DE ACCESO ADICIONAL DE MATERIA--TÉRMINO DE MATERIA
Término de materia o nombre geográfico como elemento de entrada Urbanismo.
9 (RLIN) 3430
910 ## - DATOS DE OPCIÓN DEL USUARIO (OCLC)
Datos de opción del usuario gl
-- jv
-- ng
-- 20120522
942 ## - ELEMENTOS DE ENTRADA SECUNDARIOS (KOHA)
Fuente del sistema de clasificación o colocación Clasificación Decimal Dewey
Tipo de ítem Koha
949 ## - PROCESAMIENTO DE INFORMACIÓN LOCAL (OCLC)
a 711 P35
w DEWEY
c 1
i 64723
l CCODEBUL1
m BUL
p 30.00
r 0
s Y
t BOOK
u 2015-7-6
x INGENIERIA
-- P06
o .STAFF. Colección General
994 ## -
-- C0
-- PEPRU
999 ## - NÚMEROS DE CONTROL DE SISTEMA (KOHA)
-- DEWEY
-- 64723
-- 2019-10-25
-- 2021-11-30
-- 7
-- CCODEBUL1
-- BUL
-- 3
-- 30.00
-- 0
-- Y
-- BOOK
-- 2015-7-6
-- INGENIERIA
-- P06
-- COMPRA
-- .STAFF. Colección General
980 ## - EQUIVALENCIA O REFERENCIA-CRUZADA-MENCIÓN DE SERIE--NOMBRE DE PERSONA/TÍTULO [LOCAL, CANADÁ]
ID del último usuario que modificó el registro 1
Nombre del último usuario que modificó el registro ALBERTO SANCHEZ Responsable de Automatización
Existencias
Visto por última vez Número de inventario Total de préstamos Signatura topográfica completa Código de barras Fecha del último préstamo Copia número Coste, precio de reemplazo Fecha de reemplazo Facultad Tipo de ítem Koha Nota pública Estado de pérdida Fuente del sistema de clasificación o colocación Restricciones de uso No para préstamo Colección Programa académico Biblioteca de origen Biblioteca actual Ubicación en estantería Fecha de adquisición Fuente de adquisición Coste, precio normal de compra
2025-12-03 8 3 711 P35 64723 2019-10-25 e1 35.00 2015-07-06 FIA Libros físicos inventario-2023-12-13 No Perdido Clasificación Decimal Dewey No restringido Disponible para préstamos Colección General Arquitectura Biblioteca CRAI UPeU Lima Biblioteca CRAI UPeU Lima Sala principal 2015-07-06 COMPRA 30.00